Star Wars - 400 Planets - Statistics

General Stats
  • This quiz has been taken 692 times
    541 since last reset
  • The average score is 35 of 400
Answer Stats
# Region Planet % Correct
348 Outer Rim Tatooine
93%
241 Mid Rim Naboo
90%
91 Core Coruscant
87%
153 Outer Rim Hoth
87%
11 Core Alderaan
86%
119 Outer Rim Endor
84%
138 Outer Rim Geonosis
78%
236 Outer Rim Mustafar
78%
390 Outer Rim Yavin
78%
391 Outer Rim Yavin IV
78%
177 Outer Rim Kamino
76%
248 Outer Rim New Alderaan
73%
95 Outer Rim Dagobah
72%
179 Mid Rim Kashyyyk
70%
52 Outer Rim Bespin
69%
164 Inner Rim Jakku
63%
96 Outer Rim Dantooine
57%
217 Outer Rim Mandalore
55%
369 Outer Rim Utapau
52%
128 Outer Rim Felucia
51%
313 Outer Rim Ryloth
50%
88 Core Corellia
49%
183 Outer Rim Kessel
47%
242 Hutt Space Nal Hutta
45%
101 Outer Rim Dathomir
44%
229 Outer Rim Mon Cala
41%
319 Outer Rim Scarif
39%
92 Outer Rim Crait
37%
158 Unknown Ilum
36%
238 Outer Rim Mygeeto
33%
344 Mid Rim Takodana
33%
210 Outer Rim Lothal
32%
166 Mid Rim Jedha
30%
107 Outer Rim D'Qar
28%
308 Outer Rim Rodia
28%
07 Unknown Ahch-To
27%
193 Outer Rim Korriban
27%
340 Outer Rim Sullust
27%
367 Expansion Umbara
27%
80 Outer Rim Christophsis
25%
284 Outer Rim Polis Massa
24%
151 Core Hosnian Prime
23%
74 Colonies Cato Neimoidia
22%
215 Mid Rim Malastare
22%
258 Inner Rim Onderon
22%
130 Outer Rim Florrum
20%
245 Hutt Space Nar Shaddaa
20%
116 Outer Rim Eadu
19%
214 Outer Rim Malachor V
19%
307 Outer Rim Rishi
19%
315 Outer Rim Saleucami
19%
361 Hutt Space Toydaria
19%
234 ? Mortis
18%
262 Mid Rim Ord Mantell
18%
325 Outer Rim Serenno
16%
352 Outer Rim Teth
16%
362 Mid Rim Trandosha
16%
400 Outer Rim Zygerria
16%
68 Outer Rim Cantonica
15%
198 Core Kuat
15%
297 Outer Rim Raxus Prime
15%
298 Outer Rim Raxus Secundus
15%
17 Core Anaxes
14%
65 Deep Core Byss
14%
78 Core Chandrila
14%
156 Outer Rim Iego
14%
85 Mid Rim Concord Dawn
13%
132 Colonies Fondor
13%
273 Outer Rim Pantora
13%
347 Outer Rim Taris
13%
02 Outer Rim Abafar
12%
365 Deep Core Tython
12%
383 Mid Rim Wobani
12%
59 Mid Rim Bothawui
11%
121 Outer Rim Eriadu
11%
110 Outer Rim Dromund Kaas
10%
160 Mid Rim Iridonia
10%
162 Mid Rim Ithor
10%
226 Expansion Mimban
10%
330 Expansion Shili
10%
332 Core Skako
10%
237 Outer Rim Muunilinst
9%
06 Outer Rim Agamar
8%
20 Outer Rim Anoat
8%
81 Outer Rim Clak'dor VII
8%
86 Outer Rim Concordia
8%
93 Unknown Csilla
8%
113 Core Duro
8%
200 Outer Rim Lah'mu
8%
216 Inner Rim Manaan
8%
268 Outer Rim Orto
8%
295 Unknown Rakata Prime
8%
302 Outer RIm Rhen Var
8%
318 Outer Rim Savareen
8%
370 Mid Rim Vandor
8%
382 Outer Rim Wayland
8%
03 Core Abregado-rae
7%
12 Mid Rim Aleen
7%
13 Mid Rim Aleen Minor
7%
19 Mid Rim Ando
7%
46 Outer Rim Batuu
7%
173 Wildspace Kalee
7%
219 Outer Rim Maridun
7%
247 Colonies Neimoidia
7%
270 Outer Rim Ossus
7%
312 Mid Rim Ruusan
7%
320 Outer Rim Scipio
7%
15 Outer Rim Alzoc III
6%
32 Outer Rim Atollon
6%
37 Outer Rim Bakura
6%
69 Colonies Carida
6%
104 Colonies Devaron
6%
146 Inner Rim Hapes
6%
206 Wildspace Lira San
6%
269 Outer Rim Orto Plutonia
6%
299 Outer Rim Rattatak
6%
08 Outer Rim Akiva
5%
38 Colonies Balmorra
5%
39 Mid Rim Balnab
5%
60 Mid Rim Boz Pity
5%
90 Core Corulag
5%
106 Expansion Dorin
5%
134 Outer Rim Gamorr
5%
141 Mid Rim Glee Anselm
5%
163 Outer Rim Jabiim
5%
172 Wildspace Kadavo
5%
190 Expansion Kiros
5%
191 Hutt Space Klatooine
5%
208 Outer Rim Lola Sayu
5%
211 Outer Rim Lotho Minor
5%
254 Outer Rim Oba Diah
5%
281 ? Pillio
5%
303 Expansion Ring of Kafrene
5%
350 Outer Rim Telos IV
5%
355 Inner Rim Thyferra
5%
372 ? Vardos
5%
397 Outer Rim Ziost
5%
399 Unknown Zonoma Sekot
5%
14 Core Alsakan
4%
22 Mid Rim Ansion
4%
23 Inner Rim Antar IV
4%
28 Colonies Arkania
4%
42 Colonies Bardotta
4%
44 Outer Rim Bastion
4%
56 Outer Rim Bonadan
4%
72 Outer Rim Castilon
4%
75 Mid Rim Cerea
4%
108 Core Drall
4%
115 Inner Rim Dxun
4%
137 Outer Rim Garel
4%
147 Mid Rim Haruun Kal
4%
150 Outer Rim Honoghr
4%
154 Outer Rim Hypori
4%
203 Wildspace Lasan
4%
218 Outer Rim Mantooine
4%
221 Outer Rim Maw
4%
228 Outer Rim Mirial
4%
240 Inner Rim Myrkr
4%
290 Outer Rim Quell
4%
304 Mid Rim Ringo Vinda
4%
310 Outer Rim Rugosa
4%
323 Core Selonia
4%
371 Outer Rim Vanqor
4%
374 Outer Rim Vassek
4%
385 Outer Rim Xagobah
4%
01 Core Aargau
3%
16 Inner Rim Ambria
3%
21 Wildspace Anoth
3%
49 Mid Rim Belsavis
3%
53 Inner Rim Bestine IV
3%
55 Inner Rim Bogden
3%
57 Colonies Borleias
3%
62 Core Brentaal IV
3%
66 Core Caamas
3%
83 Colonies Commenor
3%
118 Deep Core Empress Teta
3%
125 Mid Rim Falleen
3%
186 Inner Rim Kiffu
3%
194 Mid Rim Kothlis
3%
197 Outer Rim Krownest
3%
207 Outer Rim Lok
3%
212 Unknown Lwhekk
3%
251 Core Nubia
3%
252 Mid Rim Numidian Prime
3%
253 Core N'zoth
3%
296 Core Ralltiir
3%
300 Outer Rim Raydonia
3%
309 Outer Rim Rothana
3%
334 Outer Rim Sluis Van
3%
338 Outer Rim Stygeon Prime
3%
339 Outer Rim Subterrel
3%
342 Inner Rim Taanab
3%
373 Hutt Space Varl
3%
04 Outer Rim Aeten II
2%
05 Inner Rim Affa
2%
09 Mid Rim Alaris
2%
10 Mid Rim Alaris Prime
2%
29 Outer Rim Arkanis
2%
31 ? Athulla
2%
34 Inner Rim Atzerri
2%
35 Outer Rim Axxila
2%
41 Outer Rim Bandomeer
2%
54 Inner Rim Bilbringi
2%
70 Outer Rim Carlac
2%
71 Colonies Castell
2%
76 Inner Rim Champala
2%
99 Hutt Space Da Soocha
2%
103 Inner Rim Denon
2%
111 Mid Rim Druckenwell
2%
112 Outer Rim Dubrillion
2%
117 Outer Rim Elom
2%
124 Colonies Exodeen
2%
129 Outer Rim Fest
2%
131 Core Foerost
2%
135 Outer Rim Gand
2%
148 Outer Rim Helska IV
2%
149 Colonies Hok
2%
167 Outer Rim Jestefad
2%
170 Core J't'p'tan
2%
174 Outer Rim Kalevala
2%
176 Outer Rim Kaller
2%
182 Wildspace Kesh
2%
184 Deep Core Khomm
2%
185 Inner Rim Kiffex
2%
188 Hutt Space Kintan
2%
189 Expansion Kinyen
2%
201 Mid Rim Lannik
2%
222 Inner Rim Mechis III
2%
223 Core Metellos
2%
227 Outer Rim Mintooine
2%
250 Expansion Nkllon
2%
279 Outer Rim Phindar
2%
286 Outer Rim Polus
2%
289 Inner Rim Quarzite
2%
291 Outer Rim Quermia
2%
292 Outer Rim Quesh
2%
317 Expansion Sarrish
2%
322 Outer Rim Seelos
2%
326 Outer Rim Sernpidal
2%
335 Outer Rim Socorro
2%
336 Outer Rim Sriluur
2%
360 Outer Rim Toprawa
2%
363 Outer Rim Tund
2%
376 Expansion Vendaxa
2%
377 Outerrim Vergesso
2%
379 Mid Rim Vortex
2%
380 Outer Rim Voss
2%
381 Deep Core Vulpter
2%
386 Outer Rim Yaga Minor
2%
387 Inner Rim Yag'Dhul
2%
393 Hutt Space Ylesia
2%
394 Unknown Zakuul
2%
395 Outer Rim Zanbar
2%
396 Inner Rim Zeltros
2%
24 Mid Rim Anzat
1%
25 Expansion Aquaris
1%
27 Expansion Aridus
1%
30 Outer Rim Askaj
1%
33 Core Ator
1%
36 Outer Rim Bahryn
1%
40 Core Balosar
1%
43 Core Bar'leth
1%
45 Outer Rim Batonn
1%
48 Outer Rim Belkadan
1%
50 Inner Rim Berchest
1%
61 Outer Rim Bpfassh
1%
64 Outer Rim Burnin Konn
1%
73 Expansion Cathar
1%
77 ? Chandel
1%
79 Inner Rim Chardaan
1%
82 Inner Rim Colla IV
1%
84 Inner Rim Cona
1%
100 Hutt Space Da Soocha V
1%
120 Outer Rim Entralla
1%
123 Outer Rim Etti IV
1%
133 Core Fresia
1%
139 Colonies Ghorman
1%
140 Colonies Giju
1%
142 Inner Rim Gorse
1%
143 Outer Rim Gree
1%
144 Core Grizmallt
1%
155 Outer Rim Ibaar
1%
157 Expansion Iktotchon
1%
159 Unknown Iokath
1%
165 ? Jalindi
1%
169 Outer Rim Jomark
1%
175 Deep Core Kalist VI
1%
180 Mid Rim Katarr
1%
192 Inner Rim Kooriva
1%
195 Outer Rim Kowak
1%
199 Outer Rim Kubindi
1%
205 Outer Rim Lianna
1%
235 Colonies Mrisst
1%
239 ? Mykapo
1%
246 Outer Rim Nathema
1%
249 Mid Rim New Cov
1%
255 Inner Rim Obroa-skai
1%
256 Wildspace Odessen
1%
257 Deep Core Ojom
1%
259 Outer Rim Oosalon
1%
263 Outer Rim Ord Radama
1%
265 Outer Rim Oricon
1%
266 Outer Rim Orinda
1%
267 Hutt Space Orondia
1%
271 Outer Rim Pammant
1%
272 Core Pantolomin
1%
275 Outer Rim Parwa
1%
276 Mid Rim Patitite Pattuna
1%
277 Outer Rim Peragus II
1%
280 Colonies Phu
1%
287 Deep Core Prakith
1%
301 Core Rendili
1%
306 Inner Rim Riosa
1%
314 Core Sacorria
1%
329 Mid Rim Shantipole
1%
331 Outer Rim Shola
1%
337 Expansion Stobar
1%
341 Outer Rim Svivren
1%
349 Outer Rim Taul
1%
351 Core Tepasi
1%
353 Expansion Thisspias
1%
354 Colonies Tholoth
1%
356 Mid Rim Tibrin
1%
357 Core Tinnel
1%
364 Expansion Tynna
1%
366 Outer Rim Ukio
1%
368 Colonies Uquine
1%
378 Inner Rim Virujansi
1%
384 Outer Rim Wynkahthu
1%
388 ? Yarma
1%
389 ? Yar Togna
1%
398 Mid Rim Zolan
1%
18 Inner Rim Andalia
0%
26 Colonies Aquilae
0%
47 Outer Rim Belderone
0%
51 ? Berzite
0%
58 Outer Rim Borosk
0%
63 Core Broest
0%
67 Outer Rim Cademimu V
0%
87 Unknown Copero
0%
89 Expansion Corsin
0%
94 Unknown CZ 198
0%
97 Mid Rim Danuta
0%
98 Outer Rim Darvannis
0%
102 Outer Rim Delphon
0%
105 Core Dolomar
0%
109 Mid Rim Dressel
0%
114 Outer Rim Duroon
0%
122 Outer Rim Ession
0%
126 Core Farrfin
0%
127 Inner Rim Febrini
0%
136 Core Ganthel
0%
145 Deep Core Hakassi
0%
152 Outer Rim Hosra
0%
161 Outer Rim Isde Naha
0%
168 Outer Rim Jhas Krill
0%
171 Mid Rim Juvex
0%
178 Outer Rim Karkaris
0%
181 Expansion Kerkoidia
0%
187 ? Killun 71
0%
196 Mid Rim Kril'Dor
0%
202 Mid Rim Lantilles
0%
204 Outer Rim Lefrani
0%
209 Mid Rim Loovria
0%
213 Mid Rim Makab
0%
220 Outer Rim Mataou
0%
224 Expansion Mikkia
0%
225 Expansion Milagro
0%
230 Mid Rim Mon Gazza
0%
231 ? Montross
0%
232 Inner Rim Moorja
0%
233 Wildspace Morellia
0%
243 ? Naraka
0%
244 Outer Rim Nar Hypa
0%
260 Outer Rim Ord Canfre
0%
261 Outer Rim Ord Ibanna
0%
264 Inner Rim Orelon
0%
274 Inner Rim Paqualis III
0%
278 Outer Rim Phatrong
0%
282 Core Plexis
0%
283 Inner Rim Poderis
0%
285 Core Pollillus
0%
288 Outer Rim Pujool
0%
293 Core Questal
0%
294 Colonies Raithal
0%
305 Outer Rim Rinn
0%
311 Outer Rim Ruuria
0%
316 Outer Rim Salient
0%
321 Core Sedratis
0%
324 Mid Rim Senex
0%
327 Expansion Serroco
0%
328 Outer Rim Shadda-Bi-Boran
0%
333 Outer Rim Sleheyron
0%
343 ? Takobo
0%
345 Colonies Talasea
0%
346 Mid Rim Talay
0%
358 Inner Rim Tinta
0%
359 Inner Rim Tirahnn
0%
375 Core Velusia
0%
392 Expansion Yinchorr
0%
No matching quizzes found
Score Distribution
Percent of People with Each Score
Percentile by Number Answered
Your Score History
You have not taken this quiz since the last reset